000 00645nam a2200229Ia 4500
003 OSt
005 20220927112901.0
006 a|||||r|||| 00| 0
007 ta
008 220926b |||||||| |||| 00| 0 eng d
024 _a151680
037 _cReports
040 _aRTL
_cRTL
_beng
041 _2eng
_aeng
082 _a"X9(J).2.243v.N7, M2/GD"
110 _a"Punjab, Economic Adviser"
245 0 _aEvaluation report on the working of Suratpur farm Chandigarh
260 _c1982
700 _a"Punjab, Economic Adviser"
942 _h"X9(J).2.243v.N7, M2/GD"
_cCC
999 _c700896
_d700896